Complete the Category #1 - Statistics

General Stats
  • This quiz has been taken 23 times
  • The average score is 6 of 31
Answer Stats
Hint Answer % Correct
Spoon, Fork, ______ Knife
100%
Orange, Lemon, ______ Lime
71%
Push, ______ Pull
67%
True, _______ False
57%
Exit, depart, _______ Leave
57%
Android, ______ Apple
38%
Pencil, ______ Eraser
24%
Apple, ________ Banana
14%
Concrete, Asphalt, _______ Cement
14%
Depart, Cruise, _______ Land
14%
Clock, Watch, _______ Timer
14%
AA, AD, CI, DP, E(_) Y
14%
Wind, Rain, Fire, _______ Electricity
10%
Release, Found, Initiate, _______ Launch
10%
Shore, Sure, Share, _______ Sheer
10%
Basket, Foot, ________ Soccer
10%
G, 3, M, -14, Z, _______ 17
5%
Beekeeper, _______ Abracadabra
5%
Watera, Beetish, _______ Carmador
5%
Town, ________ Circus
5%
Bellow, Clue, _______ Ded
5%
Dical, Esome, Ce, _____ Eat
5%
Go, Night, Down, ________ Game
5%
Great, Nut, Hand, ________ Good
5%
GT, FU, ____ HS
5%
Copy, You're, That's, _______ Left
5%
Tick, ________ Manipulate
5%
Draw, Imprint, ______ Mark
5%
Pie, Pie, Pie, ______ Pumpkin
5%
Air, ________ Quad
5%
Street, _______ Vending Machine
5%
No matching quizzes found
Score Distribution
Percent of People with Each Score
Percentile by Number Answered
Your Score History
You have not taken this quiz